| 000 | 00693cam a22002055a 4500 | ||
|---|---|---|---|
| 001 | L156356 | ||
| 008 | 120515s1819 xxk f 000 0 eng d | ||
| 035 | _a(Sirsi) u156356 | ||
| 041 | 0 | _aeng | |
| 100 | 1 |
_aHutton, Charles _d1737-1823 |
|
| 245 | 0 | 2 |
_aA course of mathematics in three volumes, for the use of academies as well as private tuition _cby Charles Hutton |
| 250 | _a7th ed., enl. and corrected | ||
| 260 |
_aLondon _bPrint. for F.C. and J. Rivington _c1819-1820 |
||
| 300 |
_a3 v. _c24 cm. |
||
| 520 | _aLibrary holds volume 2 only. | ||
| 583 |
_aCondition reviewed _c20120620 _lcondition level 4 |
||
| 651 | 4 |
_aGreat Britain _y1707- |
|
| 690 |
_aMeasurement _96256 |
||
| 942 | _n0 | ||
| 999 |
_c114204 _d114204 |
||